Flappy Bird - Statistics

General Stats
  • This quiz has been taken 80 times
  • The average score is 3 of 21
Answer Stats
Hint Answer % Correct
🐦 3
100%
🐦 5
32%
🐦 4
28%
🐦 1
24%
🐦 2
24%
🐦 3
24%
🐦 5
24%
🐦 2
12%
🐦 4
12%
🐦 6
12%
🐦 3
8%
🐦 4
8%
🐦 5
8%
🐦 6
8%
🐦 2
0%
🐦 3
0%
🐦 3
0%
🐦 5
0%
🐦 6
0%
🐦 7
0%
🐦 8
0%
No matching quizzes found
Score Distribution
Percent of People with Each Score
Percentile by Number Answered
Your Score History
You have not taken this quiz